<?xml version="1.0" encoding="UTF-8"?>
<collection xmlns="http://www.loc.gov/MARC21/slim">
<record>
  <controlfield tag="001">146421</controlfield>
  <controlfield tag="005">20241122150938.0</controlfield>
  <datafield tag="037" ind1=" " ind2=" ">
    <subfield code="a">TAZ-TFG-2024-3631</subfield>
  </datafield>
  <datafield tag="041" ind1=" " ind2=" ">
    <subfield code="a">spa</subfield>
  </datafield>
  <datafield tag="100" ind1="1" ind2=" ">
    <subfield code="a">Lorenz calvo, Pedro ALejandro</subfield>
  </datafield>
  <datafield tag="242" ind1="0" ind2="0">
    <subfield code="a">Morphological and immunohistochemical studies in testicles of azoospermic boars</subfield>
  </datafield>
  <datafield tag="245" ind1="0" ind2="0">
    <subfield code="a">Estudios morfológicos e inmunohistoquímicos en testículos de verracos azoospérmicos</subfield>
  </datafield>
  <datafield tag="260" ind1=" " ind2=" ">
    <subfield code="a">Zaragoza</subfield>
    <subfield code="b">Universidad de Zaragoza</subfield>
    <subfield code="c">2024</subfield>
  </datafield>
  <datafield tag="506" ind1=" " ind2=" ">
    <subfield code="a">by-nc-sa</subfield>
    <subfield code="b">Creative Commons</subfield>
    <subfield code="c">3.0</subfield>
    <subfield code="u">http://creativecommons.org/licenses/by-nc-sa/3.0/</subfield>
  </datafield>
  <datafield tag="520" ind1=" " ind2=" ">
    <subfield code="a">El sector Porcino se encuentra en una gran fase de desarrollo y se buscan nuevos métodos para&lt;br />poder optimizar la producción. Un correcto manejo de los machos reproductores puede ayudar&lt;br />a mejorar la productividad de manera considerable.&lt;br />El aparato reproductor masculino del macho está compuesto por el pene, glande y prepucio,&lt;br />testículos, epidídimos, y glándulas bulbouretrales. La espermatogénesis se define como los&lt;br />cambios ocurridos en la morfología y función de las células germinales, que finaliza con la&lt;br />producción de espermatozoides. Dentro del testículo encontramos además 2 tipos celulares&lt;br />importantes: Las células de Leydig situadas en el intersticio de los túbulos seminíferos, y las&lt;br />células de Sertoli situadas en el interior de los túbulos. Ambas proporcionan soporte estructural&lt;br />y metabólico a las células germinales para que la espermatogénesis funcione de manera&lt;br />correcta.&lt;br />La infertilidad en los machos de la especie porcina puede suceder de manera total o parcial.&lt;br />Cuando la presencia de espermatozoides en el eyaculado es nula, se denomina azoospermia, y&lt;br />puede ser de dos tipos: obstructiva y no obstructiva. El objetivo de este trabajo es determinar&lt;br />los cambios descritos en cortes histológicos de testículos azoospérmicos con diferentes&lt;br />marcadores inmunohistoquímicos, para poder compararla con la literatura ya descrita y tratar&lt;br />de encontrar cuales son los mecanismos que causan este problema. Los hallazgos encontrados&lt;br />son el aumento del grosor de la membrana basal, la hiperplasia de las células de Leydig, la menor&lt;br />densidad del epitelio germinal, diferentes tipos de azoospermia, como patrón Sertoli y arrestos&lt;br />madurativos en diferentes grados así como presencia de células multinucleadas. Los marcadores&lt;br />utilizados revelaron diferentes patrones lesionales, pero sería necesario utilizar un abanico&lt;br />mayor para comprender las causas precisas de la azoospermia.&lt;br />&lt;br /></subfield>
  </datafield>
  <datafield tag="521" ind1=" " ind2=" ">
    <subfield code="a">Graduado en Veterinaria</subfield>
  </datafield>
  <datafield tag="540" ind1=" " ind2=" ">
    <subfield code="a">Derechos regulados por licencia Creative Commons</subfield>
  </datafield>
  <datafield tag="856" ind1="0" ind2=" ">
    <subfield code="f">779355@unizar.es</subfield>
  </datafield>
  <datafield tag="856" ind1="4" ind2=" ">
    <subfield code="s">984171</subfield>
    <subfield code="u">http://zaguan.unizar.es/record/146421/files/TAZ-TFG-2024-3631.pdf</subfield>
    <subfield code="y">Memoria (spa)</subfield>
  </datafield>
  <datafield tag="909" ind1="C" ind2="O">
    <subfield code="o">oai:zaguan.unizar.es:146421</subfield>
    <subfield code="p">driver</subfield>
    <subfield code="p">trabajos-fin-grado</subfield>
  </datafield>
  <datafield tag="950" ind1=" " ind2=" ">
    <subfield code="a"></subfield>
  </datafield>
  <datafield tag="691" ind1=" " ind2=" ">
    <subfield code="a">2</subfield>
  </datafield>
  <datafield tag="692" ind1=" " ind2=" ">
    <subfield code="a">El uso de verracos con mejor productividad de semen aporta una mayor productividad al sector porcino.</subfield>
  </datafield>
  <datafield tag="700" ind1=" " ind2=" ">
    <subfield code="a">Moreno Burgos, Bernardino</subfield>
    <subfield code="e">dir.</subfield>
  </datafield>
  <datafield tag="700" ind1=" " ind2=" ">
    <subfield code="a">Ausejo Marcos, Raquel</subfield>
    <subfield code="e">dir.</subfield>
  </datafield>
  <datafield tag="710" ind1="2" ind2=" ">
    <subfield code="a">Universidad de Zaragoza</subfield>
    <subfield code="b">Patología Animal</subfield>
    <subfield code="c">Sanidad Animal</subfield>
  </datafield>
  <datafield tag="980" ind1=" " ind2=" ">
    <subfield code="a">TAZ</subfield>
    <subfield code="b">TFG</subfield>
    <subfield code="c">VET</subfield>
  </datafield>
  <datafield tag="999" ind1=" " ind2=" ">
    <subfield code="a">20240712124447.CREATION_DATE</subfield>
  </datafield>
  <datafield tag="951" ind1=" " ind2=" ">
    <subfield code="a">deposita:2024-11-22</subfield>
  </datafield>
</record>
</collection>